Lýra

Bibliographic Details
Main Author: Roy, Vladimír, 1885-1936 (Author)
Format: Book
Language:Slovak
PhysicalDescription:319, [iv] s. 8°
Published: Turčiansky Sv. Martin Miestny odbor Matice slovenskej 1944
Subjects:

MARC

LEADER 00000cam a2200000 a 4500
001 vtls008394464
003 SK-MaSNL
005 20260301075548.0
008 220511s1944 xo 000 p slo
015 |a SNBA19421945-101/2384 
035 |a SK01SNKBKSD220020086681 
035 |a urn:nbn:sk:snk-am3i21n 
035 |a 2BF9D02E-1056-4B7E-AC01-6498D2EFD886 
035 |a urn:nbn:sk:snk-am00dh3t 
035 |a SKM000089144 
040 |a SNK  |b slo  |c SNK  |e AACR2 
041 0 |a slo 
044 |a xo  |c SK 
080 |a 885.4-1  |2 1981 
100 1 |a Roy, Vladimír,  |d 1885-1936  |4 aut  |9 19274 
245 1 0 |a Lýra  |c Vladimír Roy 
260 |a Turčiansky Sv. Martin  |b Miestny odbor Matice slovenskej  |c 1944  |e Turčiansky Sv. Martin  |f Neografia 
300 |a 319, [iv] s.  |c 8° 
500 |a Obsahuje 2 básnické zbierky 
655 7 |a slovenská poézia  |2 SNKPH  |9 70444 
740 0 2 |a Rosou a tŕním 
740 0 2 |a Keď miznú hmly 
954 |a beletria pôvodná (slovenská)  |2 lita 
958 |a ONDV 
958 |a RK 
958 |a TL 
999 |c 650613  |d 652543 
952 |t P60, <05>, [BOOK], {605}  |a SNK  |b SNK  |y PREZ  |7 0  |p 17A0193011  |o snkSD 5126 D1  |0 0  |1 0  |4 0  |d 1999-05-04  |l 0  |r 2005-01-02 00:00:00  |w 2026-02-23 
952 |a SNK  |b SNK  |y PREZ  |7 0  |p 17A0908443  |o snkSD 5126  |i snk79/45  |0 0  |1 0  |4 0  |d 2018-07-10  |f 1  |l 0  |r 2025-11-12 00:00:00  |w 2026-02-23 
952 |a SNKLM  |b SNKLM  |y NEVYP  |7 0  |o snklmMK 3490  |8 3  |0 0  |1 0  |4 0  |d 2006-04-18  |l 0  |r 2026-02-23 18:21:12  |w 2026-02-23